000 01592nam0a22002651 4500
001 rc\4260636
005 20130416115510.3
035 _a(NLR Aleph) 008237630
090 _a8256970
_c8256970
100 _a20130416d1964 |||y0rusy50 ca
101 0 _arus
102 _aRU
105 _aa z |||||
200 1 _aОсновы комплексирования электроразведочных и других методов разведочной геофизики при решении задач структурной (нефтяной) геологии
_eПринципы геоэлектрического районирования
210 _aМосква
_cБ. и.
_d1964
215 _a11 с., 1 л. граф.
_cчерт.
_d22
225 1 _aГосударственный геологический комитет СССР. Всесоюзный научно-исследовательский институт экономики минерального сырья и геологоразведочных работ. ОНТИ. Доклады к Семинару по тематической выставке "Внедрение новой методики и техники электроразведочных работ в геологоразведочную службу"
_vВып. 8
300 _aОтпеч. множит. аппаратом
700 1 _aБердичевский
_bМ. Н.
_gМарк Наумович
701 1 _aФомина
_bВ. И.
801 0 _aRU
_bNLR
_gpsbo
801 1 _aRU
_bELAR
_2rusmarc
852 _aNLR
_j64-6/11913
942 _cBOOK
980 _aNB